Управляющие вычислительные средства роботизированных технологических комплексов и программное обеспечение: учебное пособие

Bibliografske podrobnosti
Korporativna značnica: Ленинградский политехнический институт им. М. И. Калинина (ЛПИ)
Drugi avtorji: Морозов Б. И. (составитель)
Izvleček:Исключено из фонда НТБ ТПУ
Jezik:ruščina
Izdano: Ленинград, Изд-во ЛПИ, 1988
Format: MixedMaterials Knjiga
KOHA link:https://koha.lib.tpu.ru/cgi-bin/koha/opac-detail.pl?biblionumber=246101

MARC

LEADER 00000nam0a2200000 4500
001 246101
005 20231031211318.0
035 |a (RuTPU)RU\TPU\book\267542 
090 |a 246101 
100 |a 20131122d1988 m y0rusy50 ca 
101 0 |a rus 
102 |a RU 
105 |a a j 001zy 
200 1 |a Управляющие вычислительные средства роботизированных технологических комплексов и программное обеспечение  |e учебное пособие  |f Ленинградский политехнический институт им. М. И. Калинина (ЛПИ) ; сост. Б. И. Морозов 
210 |a Ленинград  |c Изд-во ЛПИ  |d 1988 
215 |a 92 с.  |c ил. 
333 |a Исключено из фонда НТБ ТПУ 
702 1 |a Морозов  |b Б. И.  |4 220 
712 0 2 |a Ленинградский политехнический институт им. М. И. Калинина (ЛПИ)  |c (1924-1930, 1940-1990) 
801 1 |a RU  |b 63413507  |c 20131122 
801 2 |a RU  |b 63413507  |c 20220412  |g RCR 
942 |c BK